000 00561nam a22001937a 4500
005 20251108165424.0
008 250721s1983 xx 000 0 ara d
082 1 4 _a613/رفع
100 1 _aرفعت، محمد
245 1 0 _aالدليل الطبي للعائلة السعيدة /
250 _aط2
264 1 _aبيروت :
_bمنشورات المكتبة العصرية،
_c1983.
300 _a308ص
650 1 7 _aالصحة العامة
650 1 7 _aصحة الأسرة
650 1 7 _aالطب الوقائي
942 _2ddc
_cBK
999 _c27538
_d27538